One Piece - Enel - Statistiques

Statistiques générales
  • Ce quiz a été pris 50 fois
  • Le résultat moyen est 10 sur 20
Statistiques - réponses
Question Réponse % Correct
Occupation Dieu
85%
Fruit du démon éveillé Non
78%
Fluide Offensif Non
78%
Fluide Royal Non
78%
Fluide Perceptif Oui
78%
Nom Complet Enel
73%
Couleur de cheuveux Blond
63%
Fruit du démon Fulguro-Fruit
59%
Première apparition Skypiea
59%
Prime 0 Berry
46%
Âge 37 Ans
41%
Chapeau Foulard blanc
34%
Tatouage Aucun
32%
île de Naissance Bilca
32%
Arme(s) Bâton en Or
27%
Race Bilcan
27%
Epithète "Dieu Ener"
27%
Origine Îles Célestes
22%
Taille 2m66
20%
Affiliation Clan d'Ener
15%
Aucun quiz correspondant
Distribution des résultats
% des personnes avec chaque résultat
Percentile par nombre de réponses
Votre historique - résultats
Vous n’avez pas pris ce quiz